Discrepancias entre uso actual y potencial de la laderas del Valle Orosí /
El área de estudio tiene una extensión de 92 km cuadrados, localizada en la cuenca del Río Grande de Orosí, con lluvias que varían entre los 1665 y 6287 mm. Esta zona está comprendida entre las localidades de Purisil, Orosí, Ujarrás y Cachí. En el artículo se discute el uso actual de las laderas del...
Guardado en:
| Hovedforfatter: | |
|---|---|
| Format: | Texto |
| Fag: | |
| Tags: |
Tilføj Tag
Ingen Tags, Vær først til at tagge denne postø!
|
MARC
| LEADER | 00000 a a2200000 04500 | ||
|---|---|---|---|
| 001 | 13769 | ||
| 003 | |||
| 040 | |||
| 100 | |a Cortés Granados, Víctor Manuel | ||
| 245 | |a Discrepancias entre uso actual y potencial de la laderas del Valle Orosí / |c Víctor Manuel Cortés Granados | ||
| 520 | |a El área de estudio tiene una extensión de 92 km cuadrados, localizada en la cuenca del Río Grande de Orosí, con lluvias que varían entre los 1665 y 6287 mm. Esta zona está comprendida entre las localidades de Purisil, Orosí, Ujarrás y Cachí. En el artículo se discute el uso actual de las laderas del Valle de Orosí. | ||
| 590 | |a RRA/JUNIO2011 | ||
| 650 | |a 1.USO DE LA TIERRA | ||
| 650 | |a 2.POTENCIAL DE LA TIERRA | ||
| 650 | |a 3.ASPECTOS GEOGRAFICOS | ||
| 650 | |a 4.COSTA RICA | ||
| 773 | |g volumen 87, número 2; páginas 91-110 | ||
| 999 | |c 26943 |d 26943 | ||
